[Event "GER-ch Rapid Amateurs"]
[Site "Dinkelsbuehl"]
[Date "2023.11.12"]
[Round "8"]
[White "Steinmacher, Josef"]
[Black "Kramer, Wolfgang"]
[Result "1-0"]
[WhiteElo "1960"]
[BlackElo "1935"]
[PlyCount "43"]
[EventDate "2023.11.11"]
[EventType "swiss (rapid)"]
[EventRounds "9"]
[EventCountry "GER"]
[SourceTitle "CBM 217 Extra"]
[Source "ChessBase"]
[SourceDate "2024.01.31"]
[SourceVersion "1"]
[SourceVersionDate "2024.01.31"]
[SourceQuality "1"]

1. c4 Nc6 2. Nc3 e5 3. g3 Bb4 4. Bg2 Bxc3 5. dxc3 d6 6. Nf3 Nf6 7. 0-0 0-0 8. b4 Qe7 9. Bg5 h6 10. Bxf6 Qxf6 11. Nd2 Qe7 12. a4 Be6 13. a5 Qd7 14. a6 Bh3 15. axb7 Rab8 16. Nb3 Bxg2 17. Kxg2 Rxb7 18. Nc5 Qc8 19. Nxb7 Qxb7 20. Qd5 Qb6 21. Qb5 f5 22. Ra6 1-0

[Event "GER-ch Rapid Amateurs"]
[Site "Dinkelsbuehl"]
[Date "2023.11.11"]
[Round "5"]
[White "Lu, Yunong Elias"]
[Black "Steinmacher, Josef"]
[Result "1/2-1/2"]
[WhiteElo "1779"]
[BlackElo "1960"]
[PlyCount "110"]
[EventDate "2023.11.11"]
[EventType "swiss (rapid)"]
[EventRounds "9"]
[EventCountry "GER"]
[SourceTitle "CBM 217 Extra"]
[Source "ChessBase"]
[SourceDate "2024.01.31"]
[SourceVersion "1"]
[SourceVersionDate "2024.01.31"]
[SourceQuality "1"]

1. e4 Nf6 2. e5 Nd5 3. Nc3 e6 4. Nxd5 exd5 5. d4 d6 6. Nf3 Bg4 7. Bf4 a6 8. Be2 Nc6 9. 0-0 h6 10. c3 Be7 11. Re1 0-0 12. h3 Be6 13. Bg3 dxe5 14. dxe5 Qd7 15. Nd4 Nxd4 16. cxd4 b6 17. Qb3 Rfb8 18. Bf4 c5 19. Qg3 Kh7 20. Bd3+ g6 21. h4 h5 22. Bg5 Bf8 23. Qf3 Kg8 24. Bf6 Re8 25. dxc5 bxc5 26. Qg3 Bf5 27. Bxf5 Qxf5 28. Rad1 d4 29. b4 Re6 30. bxc5 Bxc5 31. Rc1 Bb4 32. Red1 Bc3 33. Rxc3 dxc3 34. Qxc3 Qe4 35. Qc1 Qc6 36. Qh6 Rxf6 37. exf6 Qxf6 38. g3 a5 39. Qe3 Rd8 40. Rb1 Qf5 41. Qb6 Rd2 42. Rb5 Qe4 43. Qb8+ Kg7 44. Qe5+ Qxe5 45. Rxe5 Rxa2 46. Rb5 Kf6 47. Kg2 Ra3 48. Rb6+ Ke7 49. Ra6 a4 50. Kf1 Ra2 51. Kg2 a3 52. Kf3 Ra1 53. Kf4 a2 54. Kg5 Re1 55. Rxa2 Re5+ 1/2-1/2

[Event "GER-ch Rapid Amateurs"]
[Site "Dinkelsbuehl"]
[Date "2023.11.11"]
[Round "4"]
[White "Steinmacher, Josef"]
[Black "Ziska, Stephan"]
[Result "1-0"]
[WhiteElo "1960"]
[BlackElo "1806"]
[PlyCount "47"]
[EventDate "2023.11.11"]
[EventType "swiss (rapid)"]
[EventRounds "9"]
[EventCountry "GER"]
[SourceTitle "CBM 217 Extra"]
[Source "ChessBase"]
[SourceDate "2024.01.31"]
[SourceVersion "1"]
[SourceVersionDate "2024.01.31"]
[SourceQuality "1"]

1. c4 Nf6 2. g3 e6 3. Bg2 d5 4. d4 c6 5. Nf3 Be7 6. 0-0 0-0 7. Nc3 Nbd7 8. b3 Ne4 9. Bb2 f5 10. e3 Bd6 11. Ne2 Ndf6 12. Ne5 Bxe5 13. dxe5 Nd7 14. Rc1 Qe7 15. f3 Ng5 16. Nf4 Nf7 17. Nd3 b6 18. cxd5 cxd5 19. Qd2 Ba6 20. Rc7 Rfc8 21. Rfc1 Bxd3 22. Rxc8+ Rxc8 23. Rxc8+ Nf8 24. Qxd3 1-0

[Event "Verbandsliga Nordbaden 1920"]
[Site "Baden"]
[Date "2021.07.04"]
[Round "8.6"]
[White "Steinmacher, Josef"]
[Black "Fidlin, Simon"]
[Result "0-1"]
[WhiteElo "2031"]
[BlackElo "1959"]
[PlyCount "100"]
[EventDate "2019.09.29"]
[EventType "team-tourn"]
[EventRounds "9"]
[EventCountry "GER"]
[SourceTitle "EXT 2021"]
[Source "ChessBase"]
[SourceDate "2020.10.23"]
[SourceVersion "1"]
[SourceVersionDate "2020.10.23"]
[SourceQuality "1"]
[WhiteTeam "Bad Mergentheim II"]
[BlackTeam "Karlsruhe II"]
[WhiteTeamCountry "GER"]
[BlackTeamCountry "GER"]

1. d4 Nf6 2. Nf3 g6 3. e3 Bg7 4. Bd3 d5 5. 0-0 0-0 6. Nbd2 c5 7. b3 Nc6 8. a3 Qb6 9. dxc5 Qxc5 10. Bb2 Re8 11. b4 Qd6 12. c4 e5 13. e4 d4 14. c5 Qc7 15. Nc4 Re7 16. Re1 Nh5 17. Bc1 h6 18. Bd2 Nd8 19. Rc1 Ne6 20. g3 Bd7 21. Qb3 Rf8 22. Bf1 Kh7 23. Bg2 Bc6 24. Qb1 a6 25. Nb6 Qd8 26. Nc4 Nc7 27. Qb3 Qd7 28. Nb2 f5 29. Nh4 Bf6 30. exf5 gxf5 31. Bxc6 bxc6 32. Qf3 Ng7 33. Nc4 Nd5 34. Nd6 e4 35. Qb3 e3 36. fxe3 dxe3 37. Bc3 Bxc3 38. Rxc3 Nxc3 39. Qxc3 Qe6 40. Ng2 f4 41. Qd3+ Kh8 42. gxf4 e2 43. Qxa6 Nh5 44. f5 Qd5 45. Rxe2 Rg8 46. h3 Rxg2+ 47. Rxg2 Re1+ 48. Qf1 Rxf1+ 49. Kxf1 Nf4 50. Rg4 Qf3+ 0-1

[Event "Baden Wuerttemberg-ch Seniors 65+ op"]
[Site "Freudenstadt"]
[Date "2019.07.10"]
[Round "6"]
[White "Steinmacher, Josef"]
[Black "Gollasch, Theo Heinz"]
[Result "0-1"]
[WhiteElo "2039"]
[BlackElo "1984"]
[PlyCount "134"]
[EventDate "2019.07.05"]
[EventType "swiss"]
[EventRounds "9"]
[EventCountry "GER"]
[SourceTitle "EXT 2020"]
[Source "ChessBase"]
[SourceDate "2019.10.17"]
[SourceVersion "1"]
[SourceVersionDate "2019.10.17"]
[SourceQuality "1"]

1. d4 d5 2. Nf3 Nf6 3. e3 b6 4. Bd3 Bb7 5. 0-0 Nbd7 6. Nbd2 c5 7. b3 g6 8. Bb2 Bg7 9. Qe2 Ne4 10. c4 Nxd2 11. Qxd2 0-0 12. Rac1 dxc4 13. bxc4 Bxf3 14. gxf3 cxd4 15. exd4 e5 16. Qe3 exd4 17. Bxd4 Bxd4 18. Qxd4 Nc5 19. Qxd8 Raxd8 20. Be4 Nxe4 21. fxe4 Rd4 22. c5 Rxe4 23. Rfd1 bxc5 24. Rd7 Ra4 25. Rxc5 Rxa2 26. Rcc7 a5 27. Ra7 h5 28. Kg2 Ra4 29. h3 Rf4 30. Rxa5 Rb8 31. Ra3 Kg7 32. Rf3 Rxf3 33. Kxf3 Rb3+ 34. Kg2 Kf6 35. Rd5 Ke6 36. Rg5 Rd3 37. Rc5 Rd5 38. Rc3 Kf6 39. Rc4 Kg5 40. Rc7 Rf5 41. Kg3 f6 42. Rc4 Rd5 43. Kg2 Kf5 44. Rh4 Re5 45. Rc4 Re4 46. Rc5+ Kf4 47. Rc6 Kg5 48. Rc5+ Kh4 49. Rc6 Rf4 50. Rc5 f5 51. Rc3 Ra4 52. Rb3 g5 53. Rc3 f4 54. Rb3 Ra2 55. Rc3 g4 56. hxg4 hxg4 57. Rc8 g3 58. Rh8+ Kg5 59. Rg8+ Kh6 60. Rh8+ Kg7 61. Rh4 Rxf2+ 62. Kg1 Kg6 63. Rh8 Kf5 64. Ra8 Rd2 65. Ra5+ Kg4 66. Ra1 f3 67. Rb1 Kh3 0-1

[Event "Verbandsliga Nordbaden 1819"]
[Site "Baden"]
[Date "2019.03.31"]
[Round "8.4"]
[White "Steinmacher, Josef"]
[Black "Farmani Anosheh, Yasha"]
[Result "0-1"]
[WhiteElo "2055"]
[BlackElo "2147"]
[PlyCount "74"]
[EventDate "2018.10.14"]
[EventType "team-tourn"]
[EventRounds "9"]
[EventCountry "GER"]
[SourceTitle "EXT 2020"]
[Source "ChessBase"]
[SourceDate "2019.10.17"]
[SourceVersion "1"]
[SourceVersionDate "2019.10.17"]
[SourceQuality "1"]
[WhiteTeam "Bad Mergentheim II"]
[BlackTeam "Ladenburg"]
[WhiteTeamCountry "GER"]
[BlackTeamCountry "GER"]

1. d4 Nf6 2. Nf3 d5 3. e3 c5 4. Bd3 Nc6 5. 0-0 Bg4 6. c3 e5 7. dxe5 Nxe5 8. Be2 Nc6 9. c4 Be7 10. Nc3 dxc4 11. Bxc4 0-0 12. b3 Qc7 13. Bb2 a6 14. Rc1 Rad8 15. Qc2 Bd6 16. h3 Bxf3 17. gxf3 Ne5 18. Be2 Qc8 19. Kg2 Ng6 20. Rh1 Nh4+ 21. Kf1 Rfe8 22. Ne4 Nxe4 23. fxe4 Qe6 24. Qc3 Bf8 25. e5 Qf5 26. Qc2 Qd7 27. Bg4 Qb5+ 28. Qe2 Qa5 29. Bc3 Qa3 30. Qc2 b5 31. Rg1 Ng6 32. f4 b4 33. Be1 c4 34. Qxc4 Qxa2 35. Rg2 Qa5 36. Rgc2 Qb6 37. Bf2 Ne7 0-1

[Event "Verbandsliga Nordbaden 1819"]
[Site "Baden"]
[Date "2019.03.10"]
[Round "7.6"]
[White "Wuest, Hans Heiner"]
[Black "Steinmacher, Josef"]
[Result "1/2-1/2"]
[WhiteElo "2036"]
[BlackElo "2055"]
[PlyCount "31"]
[EventDate "2018.10.14"]
[EventType "team-tourn"]
[EventRounds "9"]
[EventCountry "GER"]
[SourceTitle "EXT 2020"]
[Source "ChessBase"]
[SourceDate "2019.10.17"]
[SourceVersion "1"]
[SourceVersionDate "2019.10.17"]
[SourceQuality "1"]
[WhiteTeam "Walldorf II"]
[BlackTeam "Bad Mergentheim II"]
[WhiteTeamCountry "GER"]
[BlackTeamCountry "GER"]

1. Nf3 Nf6 2. c4 c5 3. g3 g6 4. Bg2 Bg7 5. 0-0 0-0 6. Nc3 Nc6 7. d3 d5 8. cxd5 Nxd5 9. Bd2 e6 10. Rc1 b6 11. a3 Bb7 12. Qc2 Rc8 13. Nxd5 Qxd5 14. Bc3 Nd4 15. Bxd4 Bxd4 16. Nh4 1/2-1/2

[Event "Verbandsliga Nordbaden 1819"]
[Site "Baden"]
[Date "2019.01.13"]
[Round "4.6"]
[White "Gogollok, Carsten"]
[Black "Steinmacher, Josef"]
[Result "0-1"]
[WhiteElo "2005"]
[BlackElo "2055"]
[PlyCount "62"]
[EventDate "2018.10.14"]
[EventType "team-tourn"]
[EventRounds "9"]
[EventCountry "GER"]
[SourceTitle "EXT 2020"]
[Source "ChessBase"]
[SourceDate "2019.10.17"]
[SourceVersion "1"]
[SourceVersionDate "2019.10.17"]
[SourceQuality "1"]
[WhiteTeam "Buchen II"]
[BlackTeam "Bad Mergentheim II"]
[WhiteTeamCountry "GER"]
[BlackTeamCountry "GER"]

1. d4 Nf6 2. c4 e6 3. Nc3 Bb4 4. Nf3 c5 5. Bd2 0-0 6. e3 d6 7. Be2 b6 8. 0-0 Bb7 9. a3 Bxc3 10. Bxc3 Ne4 11. Qc2 Nd7 12. b4 Nxc3 13. Qxc3 Rc8 14. Rfd1 Qe7 15. Qd2 Rfd8 16. Rab1 Nf6 17. Qb2 Be4 18. Rbc1 h6 19. Nd2 Ba8 20. Bf3 Bxf3 21. Nxf3 Rc7 22. Qb3 Rdc8 23. Rc2 Ne4 24. Qd3 f5 25. d5 e5 26. b5 Rf8 27. Nd2 Qh4 28. g3 Qh5 29. f4 Qxd1+ 30. Kg2 exf4 31. exf4 Re7 0-1

[Event "Verbandsliga Nordbaden 1718"]
[Site "Baden"]
[Date "2017.12.03"]
[Round "3.3"]
[White "Pfatteicher, Lukas"]
[Black "Steinmacher, Josef"]
[Result "1-0"]
[WhiteElo "2185"]
[BlackElo "2086"]
[PlyCount "47"]
[EventDate "2017.10.08"]
[EventType "team-tourn"]
[EventRounds "9"]
[EventCountry "GER"]
[SourceTitle "EXT 2019"]
[Source "ChessBase"]
[SourceDate "2018.10.10"]
[SourceVersion "1"]
[SourceVersionDate "2018.10.10"]
[SourceQuality "1"]
[WhiteTeam "Karlsruhe"]
[BlackTeam "Bad Mergentheim II"]
[WhiteTeamCountry "GER"]
[BlackTeamCountry "GER"]

1. d4 e6 2. e4 b6 3. Bd3 Bb7 4. Nf3 Nf6 5. e5 Ne4 6. Qe2 f5 7. exf6 Nxf6 8. Bg5 Be7 9. Nbd2 0-0 10. 0-0-0 c5 11. h4 Nc6 12. Bxf6 gxf6 13. Ng5 fxg5 14. Qh5 Rf7 15. hxg5 Bxg5 16. Bxh7+ Kf8 17. Bg6 Qf6 18. Bxf7 Nxd4 19. Bg6 Bxg2 20. Rhg1 Qxf2 21. Qxg5 Ne2+ 22. Kb1 Nxg1 23. Qh6+ Ke7 24. Qg7+ 1-0

[Event "Verbandsliga Nordbaden 1617"]
[Site "Baden"]
[Date "2017.04.02"]
[Round "8.4"]
[White "Steinmacher, Josef"]
[Black "Maehrlein, Christoph"]
[Result "0-1"]
[WhiteElo "2053"]
[BlackElo "2074"]
[PlyCount "136"]
[EventDate "2016.10.09"]
[EventType "team-tourn"]
[EventRounds "9"]
[EventCountry "GER"]
[SourceTitle "EXT 2022"]
[Source "ChessBase"]
[SourceDate "2021.10.06"]
[SourceVersion "1"]
[SourceVersionDate "2021.10.06"]
[SourceQuality "1"]
[WhiteTeam "Bad Mergentheim II"]
[BlackTeam "Pforzheim"]
[WhiteTeamCountry "GER"]
[BlackTeamCountry "GER"]

1. d4 d5 2. Nf3 e6 3. e3 Bd6 4. Bd3 f5 5. c4 c6 6. 0-0 Nf6 7. b3 Qe7 8. Bb2 b6 9. Nbd2 0-0 10. Rc1 Ne4 11. Ne5 Bxe5 12. dxe5 Bb7 13. Nb1 Nd7 14. f3 Nec5 15. Be2 Rad8 16. b4 Na6 17. cxd5 exd5 18. b5 cxb5 19. Qd4 Nac5 20. Bxb5 Ne6 21. Qd2 Ndc5 22. Bd4 f4 23. Rfe1 fxe3 24. Qxe3 Rf4 25. Rcd1 Rxd4 26. Rxd4 Nxd4 27. Qxd4 Ne6 28. Qf2 Qb4 29. Bf1 Rc8 30. Bd3 g6 31. h4 Nf4 32. Bf1 Ne6 33. Bd3 d4 34. h5 Nf4 35. Bf1 Nxh5 36. Rd1 Rd8 37. Qh4 Re8 38. Qxd4 Qxd4+ 39. Rxd4 Rxe5 40. Rd7 Bc6 41. Rc7 Rc5 42. Nd2 Bd5 43. Rxa7 Rc2 44. Nb3 Ng3 45. Bd3 Rc3 46. Bb5 Nf5 47. Rd7 Ne3 48. Nd4 Bxa2 49. Rb7 Rc1+ 50. Kf2 Nd5 51. Ra7 Nc3 52. Bd7 Bd5 53. Ne6 Rc2+ 54. Ke3 Re2+ 55. Kd3 Bxe6 56. Bxe6+ Rxe6 57. Kxc3 Re2 58. Kd4 Rxg2 59. Rb7 Re2 60. Rxb6 Kf7 61. f4 h5 62. f5 g5 63. Rh6 h4 64. Rg6 Rg2 65. Ke5 h3 66. Rh6 Re2+ 67. Kd4 g4 68. Rh4 h2 0-1

[Event "Verbandsliga Nordbaden 1617"]
[Site "Baden"]
[Date "2016.10.09"]
[Round "1.7"]
[White "Hahn, Cedric"]
[Black "Steinmacher, Josef"]
[Result "1/2-1/2"]
[WhiteElo "1971"]
[BlackElo "2053"]
[PlyCount "66"]
[EventDate "2016.10.09"]
[EventType "team-tourn"]
[EventRounds "9"]
[EventCountry "GER"]
[SourceTitle "EXT 2022"]
[Source "ChessBase"]
[SourceDate "2021.10.06"]
[SourceVersion "1"]
[SourceVersionDate "2021.10.06"]
[SourceQuality "1"]
[WhiteTeam "Eppingen II"]
[BlackTeam "Bad Mergentheim II"]
[WhiteTeamCountry "GER"]
[BlackTeamCountry "GER"]

1. d4 Nf6 2. c4 e6 3. Nf3 Bb4+ 4. Bd2 Be7 5. Nc3 0-0 6. g3 b6 7. Bg2 Bb7 8. Bg5 Ne4 9. Bxe7 Qxe7 10. Nxe4 Bxe4 11. 0-0 d6 12. Nd2 Bxg2 13. Kxg2 Nd7 14. e3 Nf6 15. Qf3 c5 16. Ne4 Nxe4 17. Qxe4 Rac8 18. Rfd1 Rfd8 19. b3 h6 20. h4 d5 21. cxd5 Rxd5 22. dxc5 Rdxc5 23. Rd2 Rd8 24. Rad1 Rcc8 25. Rxd8+ Rxd8 26. Rxd8+ Qxd8 27. Qc6 Qe7 28. e4 f6 29. a4 h5 30. Qb5 g6 31. b4 Kf7 32. a5 Qc7 33. axb6 axb6 1/2-1/2

[Event "Arber op Seniors 4th"]
[Site "Bodenmais"]
[Date "2016.08.06"]
[Round "8"]
[White "Steinmacher, Josef"]
[Black "Elsner, Norbert"]
[Result "1/2-1/2"]
[WhiteElo "2055"]
[BlackElo "2007"]
[PlyCount "26"]
[EventDate "2016.07.30"]
[EventType "swiss"]
[EventRounds "9"]
[EventCountry "GER"]
[SourceTitle "EXT 2017"]
[Source "ChessBase"]
[SourceDate "2016.10.25"]
[SourceVersion "1"]
[SourceVersionDate "2016.10.25"]
[SourceQuality "1"]

1. d4 Nf6 2. Nf3 e6 3. e3 b6 4. Bd3 Bb7 5. 0-0 Be7 6. c4 0-0 7. Nc3 d5 8. b3 c5 9. Bb2 Nc6 10. Rc1 dxc4 11. bxc4 cxd4 12. exd4 Rc8 13. Re1 h6 1/2-1/2

[Event "Verbandsliga Nordbaden 1516"]
[Site "Baden"]
[Date "2016.04.17"]
[Round "9.5"]
[White "Steinmacher, Josef"]
[Black "Osmanovic, Faruk"]
[Result "1-0"]
[WhiteElo "2020"]
[BlackElo "2029"]
[PlyCount "88"]
[EventDate "2015.09.27"]
[EventType "team-tourn"]
[EventRounds "9"]
[EventCountry "GER"]
[SourceTitle "EXT 2022"]
[Source "ChessBase"]
[SourceDate "2021.10.06"]
[SourceVersion "1"]
[SourceVersionDate "2021.10.06"]
[SourceQuality "1"]
[WhiteTeam "Bad Mergentheim II"]
[BlackTeam "Ettlingen II"]
[WhiteTeamCountry "GER"]
[BlackTeamCountry "GER"]

1. d4 d5 2. Nf3 Nf6 3. e3 e6 4. Bd3 Nbd7 5. 0-0 Bd6 6. Nc3 h6 7. h3 0-0 8. e4 dxe4 9. Nxe4 Nxe4 10. Bxe4 Nf6 11. Bd3 b6 12. Re1 Bb7 13. a4 Rc8 14. a5 bxa5 15. Bd2 Bb4 16. c3 Bd6 17. Rxa5 c5 18. Rxa7 Qb6 19. Ra2 Ra8 20. Rxa8 Rxa8 21. Bc1 Ra1 22. dxc5 Bxc5 23. Qe2 Nd7 24. Ne5 Nf6 25. b4 Be7 26. Be3 Rxe1+ 27. Qxe1 Qc7 28. Bd4 Nd5 29. b5 Bc5 30. Bf1 Bxd4 31. cxd4 Qc2 32. Qa5 Qc8 33. Qa7 Nb4 34. Qc5 Qf8 35. Nd7 Qd8 36. Ne5 Nd5 37. Qa7 Qa8 38. b6 Qc8 39. Qa5 Qc1 40. Qc5 Qd1 41. Qb5 Nf6 42. Nc6 Ne4 43. Nd8 Nd6 44. Qd3 Bd5 1-0

[Event "Verbandsliga Nordbaden 1516"]
[Site "Baden"]
[Date "2015.11.22"]
[Round "3.6"]
[White "Gogollok, Carsten"]
[Black "Steinmacher, Josef"]
[Result "1/2-1/2"]
[WhiteElo "2006"]
[BlackElo "2020"]
[PlyCount "31"]
[EventDate "2015.09.27"]
[EventType "team-tourn"]
[EventRounds "9"]
[EventCountry "GER"]
[SourceTitle "EXT 2022"]
[Source "ChessBase"]
[SourceDate "2021.10.06"]
[SourceVersion "1"]
[SourceVersionDate "2021.10.06"]
[SourceQuality "1"]
[WhiteTeam "Buchen II"]
[BlackTeam "Bad Mergentheim II"]
[WhiteTeamCountry "GER"]
[BlackTeamCountry "GER"]

1. d4 Nf6 2. c4 d6 3. Nc3 e5 4. dxe5 dxe5 5. Qxd8+ Kxd8 6. Bg5 Be6 7. e3 Nbd7 8. 0-0-0 Be7 9. Nf3 Ng4 10. Bxe7+ Kxe7 11. Rd2 f5 12. h3 Ngf6 13. Be2 Nc5 14. Ng5 Bg8 15. b4 h6 16. bxc5 1/2-1/2

[Event "Verbandsliga Nordbaden 1516"]
[Site "Baden"]
[Date "2015.10.25"]
[Round "2.6"]
[White "Steinmacher, Josef"]
[Black "Birnbaum, Detlev"]
[Result "1/2-1/2"]
[WhiteElo "2020"]
[BlackElo "2130"]
[PlyCount "57"]
[EventDate "2015.09.27"]
[EventType "team-tourn"]
[EventRounds "9"]
[EventCountry "GER"]
[SourceTitle "EXT 2022"]
[Source "ChessBase"]
[SourceDate "2021.10.06"]
[SourceVersion "1"]
[SourceVersionDate "2021.10.06"]
[SourceQuality "1"]
[WhiteTeam "Bad Mergentheim II"]
[BlackTeam "Viernheim II"]
[WhiteTeamCountry "GER"]
[BlackTeamCountry "GER"]

1. d4 d5 2. Nf3 Nf6 3. e3 e6 4. Bd3 c5 5. b3 Nc6 6. 0-0 Be7 7. Bb2 0-0 8. Nc3 cxd4 9. exd4 Bd7 10. Ne5 Rc8 11. a3 a6 12. Re1 Na5 13. Re3 Qb6 14. Nxd7 Nxd7 15. Nxd5 exd5 16. Rxe7 Nf6 17. a4 Nc6 18. Re3 Rfe8 19. Qd2 Rxe3 20. fxe3 Re8 21. Rf1 Nb4 22. a5 Qe6 23. Rf3 Nc6 24. c4 Ne4 25. Qe1 Ng5 26. Rg3 Ne4 27. Rf3 Ng5 28. Rg3 Ne4 29. Rf3 1/2-1/2

[Event "Verbandsliga Nordbaden 1415"]
[Site "Baden"]
[Date "2015.03.01"]
[Round "7.6"]
[White "Steinmacher, Josef"]
[Black "Nonnenmacher, Eberhard"]
[Result "0-1"]
[WhiteElo "2020"]
[BlackElo "2285"]
[PlyCount "78"]
[EventDate "2014.10.12"]
[EventType "team-tourn"]
[EventRounds "9"]
[EventCountry "GER"]
[SourceTitle "EXT 2022"]
[Source "ChessBase"]
[SourceDate "2021.10.06"]
[SourceVersion "1"]
[SourceVersionDate "2021.10.06"]
[SourceQuality "1"]
[WhiteTeam "Bad Mergentheim II"]
[BlackTeam "Heidelberg"]
[WhiteTeamCountry "GER"]
[BlackTeamCountry "GER"]

1. d4 Nf6 2. Nf3 e6 3. e3 b6 4. Bd3 Bb7 5. 0-0 d5 6. c4 Bd6 7. Nc3 0-0 8. b3 a6 9. Bb2 Nbd7 10. Qe2 Ne4 11. Rad1 Qe7 12. Bb1 f5 13. a4 Rad8 14. Ba2 Bb4 15. Rc1 c5 16. Rfd1 Qf7 17. Bb1 h6 18. Bd3 Bxc3 19. Bxc3 a5 20. Be1 Qf6 21. cxd5 exd5 22. Bb5 Bc6 23. Bxc6 Qxc6 24. dxc5 Ndxc5 25. Nd4 Qg6 26. b4 axb4 27. Bxb4 Rc8 28. Nf3 Rfd8 29. a5 bxa5 30. Bxa5 Rd6 31. Nd4 Ra6 32. Bb4 Raa8 33. f3 Rab8 34. fxe4 Rxb4 35. exf5 Qe8 36. f6 gxf6 37. Qg4+ Kh8 38. Rc3 Nd7 39. Rxc8 Qxc8 0-1

[Event "Verbandsliga Nordbaden 1415"]
[Site "Baden"]
[Date "2015.02.08"]
[Round "6.7"]
[White "Steinmacher, Josef"]
[Black "Kubacsny, Laszlo"]
[Result "0-1"]
[WhiteElo "2020"]
[BlackElo "2254"]
[PlyCount "106"]
[EventDate "2014.10.12"]
[EventType "team-tourn"]
[EventRounds "9"]
[EventCountry "GER"]
[SourceTitle "EXT 2022"]
[Source "ChessBase"]
[SourceDate "2021.10.06"]
[SourceVersion "1"]
[SourceVersionDate "2021.10.06"]
[SourceQuality "1"]
[WhiteTeam "Bad Mergentheim II"]
[BlackTeam "Pforzheim"]
[WhiteTeamCountry "GER"]
[BlackTeamCountry "GER"]

1. d4 Nf6 2. Nf3 g6 3. Bf4 Bg7 4. e3 0-0 5. Be2 d6 6. 0-0 b6 7. c4 c5 8. Nc3 Nh5 9. Bg5 h6 10. Bh4 Bb7 11. Qc2 cxd4 12. Nxd4 Nf6 13. Rad1 Nbd7 14. Rfe1 Rc8 15. e4 a6 16. Bg3 Qc7 17. h3 Ne5 18. Bxe5 dxe5 19. Nb3 e6 20. Rd2 Rfd8 21. Red1 Rxd2 22. Rxd2 Bf8 23. a3 b5 24. cxb5 Nxe4 25. bxa6 Ba8 26. Rd3 Bxa3 27. Bf3 Bb4 28. Re3 Nxc3 29. Bxa8 Rxa8 30. bxc3 Bd6 31. Qd3 Qb6 32. Na5 Qxa6 33. Nc4 Bc7 34. Qe4 Rd8 35. Nxe5 Qa1+ 36. Kh2 Rd5 37. f4 g5 38. g3 Rd2+ 39. Re2 Qxc3 40. Kg2 Qb2 41. Kf3 Rxe2 42. Qxe2 Qxe2+ 43. Kxe2 gxf4 44. gxf4 Bxe5 45. fxe5 Kg7 46. Kf3 Kg6 47. Kg4 f6 48. exf6 Kxf6 49. h4 e5 50. Kh5 e4 51. Kg4 Ke5 52. Kh5 e3 53. Kxh6 Kf6 0-1

[Event "Verbandsliga Nord Baden 1314"]
[Site "Germany"]
[Date "2014.03.09"]
[Round "7.8"]
[White "Steinmacher, Josef"]
[Black "Ungerer, Markus"]
[Result "0-1"]
[WhiteElo "2020"]
[BlackElo "2144"]
[PlyCount "64"]
[EventDate "2013.10.20"]
[EventType "team-tourn"]
[EventRounds "9"]
[EventCountry "GER"]
[SourceTitle "EXT 2015"]
[Source "ChessBase"]
[SourceDate "2014.11.20"]
[SourceVersion "1"]
[SourceVersionDate "2014.11.20"]
[SourceQuality "1"]
[WhiteTeam "Bad Mergentheim II"]
[BlackTeam "Pforzheim"]
[WhiteTeamCountry "GER"]
[BlackTeamCountry "GER"]

1. d4 d5 2. Nf3 g6 3. e3 Bg7 4. Be2 Nf6 5. 0-0 0-0 6. b3 c5 7. Bb2 cxd4 8. exd4 Nc6 9. Nbd2 Qc7 10. c4 Rd8 11. Rc1 Qf4 12. Re1 Bg4 13. h3 Bf5 14. a3 Ne4 15. cxd5 Nxd2 16. dxc6 Nxf3+ 17. Bxf3 bxc6 18. Bxc6 Rab8 19. Rxe7 Bxd4 20. Bxd4 Rxd4 21. Qe1 Rxb3 22. Rxa7 Be6 23. a4 Rb2 24. g3 Qf6 25. Qe3 Rd3 26. Ra8+ Kg7 27. Qc5 Kh6 28. h4 Rdd2 29. f4 Rb3 30. Qf8+ Qg7 31. Qc5 Rxg3+ 32. Kf1 Qb2 0-1

[Event "Verbandsliga Nord Baden 1314"]
[Site "Germany"]
[Date "2014.02.16"]
[Round "6.7"]
[White "Steinmacher, Josef"]
[Black "Schulte, Torsten"]
[Result "1/2-1/2"]
[WhiteElo "2020"]
[BlackElo "2130"]
[PlyCount "56"]
[EventDate "2013.10.20"]
[EventType "team-tourn"]
[EventRounds "9"]
[EventCountry "GER"]
[SourceTitle "EXT 2015"]
[Source "ChessBase"]
[SourceDate "2014.11.20"]
[SourceVersion "1"]
[SourceVersionDate "2014.11.20"]
[SourceQuality "1"]
[WhiteTeam "Bad Mergentheim II"]
[BlackTeam "Eppingen II"]
[WhiteTeamCountry "GER"]
[BlackTeamCountry "GER"]

1. d4 Nf6 2. Nf3 g6 3. e3 Bg7 4. Be2 0-0 5. 0-0 d6 6. b3 Nc6 7. Bb2 e5 8. dxe5 Ng4 9. Nc3 Ngxe5 10. Nxe5 Nxe5 11. f4 Nc6 12. Qd2 f5 13. Bf3 Be6 14. Rad1 Qd7 15. Na4 Bxb2 16. Nxb2 Rae8 17. Nd3 Qg7 18. c4 Re7 19. Rfe1 Rfe8 20. Nf2 Bd7 21. e4 fxe4 22. Rxe4 Rxe4 23. Nxe4 Bf5 24. Nc3 Kf8 25. Kf2 Qf6 26. Nd5 Qg7 27. Qc3 Qxc3 28. Nxc3 Ke7 1/2-1/2

[Event "Verbandsliga Nord Baden 1213"]
[Site "Baden"]
[Date "2013.03.24"]
[Round "8.7"]
[White "Spieker, Michael"]
[Black "Steinmacher, Josef"]
[Result "1-0"]
[WhiteElo "2008"]
[BlackElo "2020"]
[PlyCount "103"]
[EventDate "2012.10.21"]
[EventType "team-tourn"]
[EventRounds "9"]
[EventCountry "GER"]
[SourceTitle "EXT 2014"]
[Source "ChessBase"]
[SourceDate "2013.11.20"]
[SourceVersion "1"]
[SourceVersionDate "2013.11.20"]
[SourceQuality "1"]
[WhiteTeam "Karlsruhe II"]
[BlackTeam "Bad Mergentheim II"]
[WhiteTeamCountry "GER"]
[BlackTeamCountry "GER"]

1. e4 c6 2. d4 d5 3. e5 Bf5 4. Nf3 e6 5. Be2 Ne7 6. 0-0 Nd7 7. b3 c5 8. Be3 Nc6 9. Nc3 Be7 10. Na4 cxd4 11. Nxd4 Bg6 12. f4 0-0 13. c4 Nxd4 14. Qxd4 dxc4 15. Rfd1 Nb8 16. Qxc4 Qc8 17. Qxc8 Rxc8 18. Bf3 Rc7 19. Rac1 Nc6 20. Nc5 Bxc5 21. Bxc5 f6 22. exf6 gxf6 23. Bd6 Rg7 24. g3 Rd8 25. Ba3 Rgd7 26. Bb2 Kg7 27. Rxd7+ Rxd7 28. Rd1 Rxd1+ 29. Bxd1 Be4 30. Bc3 Kg6 31. Kf2 Ne7 32. Bd4 Nc6 33. Bc5 Kf7 34. Ke3 Bd5 35. Bh5+ Kg7 36. Be8 b6 37. Bd6 Nd8 38. Bb8 Bc6 39. Bh5 a6 40. Bc7 Nb7 41. Bxb6 Kf8 42. Be2 Bb5 43. Bxb5 axb5 44. a4 bxa4 45. bxa4 Ke8 46. a5 Kd7 47. g4 Kc6 48. h4 Nd6 49. Kf3 Nc4 50. g5 fxg5 51. fxg5 h5 52. gxh6 1-0